[Event "World Rapid Women 2023"]
[Site "Samarkand UZB"]
[Date "2023.12.28"]
[Round "10.22"]
[White "Krush,I"]
[Black "Balabayeva,Xeniya"]
[Result "0-1"]
[WhiteElo "2430"]
[BlackElo "2244"]

1.d4 d5 2.c4 e6 3.Nc3 Nf6 4.cxd5 exd5 5.Bg5 Be7 6.e3 c6 7.Bd3 Nbd7 8.Qc2 Nh5
9.Bxe7 Qxe7 10.O-O-O Nb6 11.h3 g6 12.Nf3 Be6 13.Kb1 O-O-O 14.Ka1 Kb8 15.Ne5 f6
16.Nf3 Ng7 17.g4 h5 18.gxh5 Rxh5 19.Bxg6 Rxh3 20.Rxh3 Bxh3 21.Rg1 Rh8 22.Ne2 Qd7
23.Nf4 Bg4 24.Ne1 Rh2 25.Ned3 Nc4 26.Nc5 Qc8 27.Bd3 Nxe3 28.Qb3 Rxf2 29.Ng6 Ka8
30.Rh1 Bh5 31.Ne7 Qc7 32.Re1 Qxe7 33.Rxe3 Qc7 34.a3 b6 35.Na6 Qd6 36.Qc3 Rf3
37.Re7 Rxd3 38.Qxd3 Qxe7 39.Qg3 Kb7 40.Qb8+ Kxa6  0-1

[Event "World Rapid Women 2023"]
[Site "Samarkand UZB"]
[Date "2023.12.28"]
[Round "11.27"]
[White "Hejazipour,M"]
[Black "Krush,I"]
[Result "0-1"]
[WhiteElo "2356"]
[BlackElo "2430"]

1.d4 d5 2.c4 dxc4 3.Nf3 a6 4.a4 Nc6 5.e3 e5 6.Bxc4 e4 7.Nfd2 Qg5 8.g3 Nf6
9.Nc3 Qg6 10.a5 Bd6 11.Nd5 Nh5 12.Be2 Qf5 13.Nc3 Nf6 14.Nc4 h5 15.h4 O-O
16.Bd2 Be6 17.Nxd6 cxd6 18.Qa4 Qg6 19.Bd1 Bg4 20.Bxg4 Qxg4 21.Qd1 Qf5 22.Ne2 Nd5
23.Nf4 Nxf4 24.gxf4 d5 25.Rg1 f6 26.Rg3 Kh7 27.Qb3 Qd7 28.Qd1 g6 29.Qa4 Rac8
30.Bb4 Rf7 31.Bc5 Qe6 32.Ke2 Ne7 33.Rag1 Rg7 34.Rh1 Nf5 35.Rg2 Rd7 36.b4 Rg8
37.Kd2 Nh6 38.b5 axb5 39.Qxb5 Rc8 40.Rhg1 Ng4 41.Rb1 Rc6 42.Ke2 Rf7 43.Qa4 g5
44.hxg5 fxg5 45.Rh1 Kg6 46.fxg5 Qf5 47.Kd2 Qf3 48.Rhg1 Nxf2 49.Qb3 Ng4 50.Re2 Qf5
51.Qd1 Qxg5 52.Qe1 Rcf6 53.Qg3 Rf3 54.Qd6+ R7f6 55.Qd8 Kh7 56.Be7 Rxe3 57.Bxf6 Rxe2+
58.Kc3 Qd2+ 59.Kb3 Qd3+ 60.Kb4 Qc4+  0-1

[Event "World Blitz Women 2023"]
[Site "Samarkand UZB"]
[Date "2023.12.29"]
[Round "1.20"]
[White "Krush,I"]
[Black "Beydullayeva,Govhar"]
[Result "0-1"]
[WhiteElo "2430"]
[BlackElo "2374"]

1.d4 Nf6 2.c4 e6 3.Nc3 Bb4 4.e3 O-O 5.Bd2 d5 6.Nf3 b6 7.cxd5 exd5 8.Rc1 a6
9.Bd3 Bb7 10.O-O Nbd7 11.Ne5 Nxe5 12.dxe5 Nd7 13.f4 Be7 14.Qh5 g6 15.Qh3 Nc5
16.Bc2 f5 17.Ne2 Ne6 18.Nd4 Qd7 19.g4 c5 20.gxf5 gxf5 21.Bxf5 Rxf5 22.Nxf5 Kh8
23.Kf2 Ng7 24.e4 dxe4 25.Bc3 e3+ 26.Ke2 Qxf5 27.Qxf5 Nxf5 28.e6+ Kg8 29.Rg1+ Kf8
30.Rcd1 Rd8 31.Be5 Bc6 32.Rd3 Bb5  0-1

[Event "World Blitz Women 2023"]
[Site "Samarkand UZB"]
[Date "2023.12.29"]
[Round "2.40"]
[White "Serikbay,Assel"]
[Black "Krush,I"]
[Result "1/2-1/2"]
[WhiteElo "2186"]
[BlackElo "2430"]

1.e4 c5 2.Nf3 d6 3.d4 cxd4 4.Nxd4 Nf6 5.Nc3 Nc6 6.Bc4 e6 7.O-O Be7 8.Bb3 O-O
9.Be3 a6 10.Qe2 Na5 11.f4 b5 12.a3 Nxb3 13.cxb3 Bb7 14.Bf2 Rc8 15.Rad1 Rc7
16.f5 e5 17.Nc2 Qa8 18.Bb6 Rc6 19.Bf2 Rxc3 20.bxc3 Nxe4 21.Be1 Rc8 22.c4 bxc4
23.bxc4 d5 24.cxd5 Bxd5 25.Ne3 Bc5 26.Kh1 Bc6 27.Ng4 Bb5 28.Qf3 Bxf1 29.Qxf1 Bd4
30.f6 Nxf6 31.Nxf6+ gxf6 32.Qxf6 Qe4 33.Bb4 Qe2 34.Qg5+ Kh8 35.Qf6+ Kg8 36.Qg5+ Kh8
37.Qf6+ Kg8 38.Qg5+ Kh8  1/2-1/2

[Event "World Blitz Women 2023"]
[Site "Samarkand UZB"]
[Date "2023.12.29"]
[Round "3.43"]
[White "Krush,I"]
[Black "Kurmangaliyeva,Liya"]
[Result "1-0"]
[WhiteElo "2430"]
[BlackElo "2261"]

1.d4 d5 2.c4 e6 3.Nc3 Nf6 4.cxd5 exd5 5.Bg5 Be7 6.e3 h6 7.Bh4 Bg4 8.f3 Be6
9.Bd3 O-O 10.Nge2 c5 11.O-O Nc6 12.Bf2 Rc8 13.Qd2 a6 14.Rad1 b5 15.dxc5 Bxc5
16.Nd4 Qb6 17.Nxc6 Rxc6 18.Ne2 Re8 19.Nd4 Rc7 20.Bb1 Rce7 21.Qd3 g6 22.Nb3 Bd6
23.Nd4 Bc5 24.Rc1 Nd7 25.Bg3 Bxd4 26.Qxd4 Qxd4 27.exd4 Nb6 28.Bd6 Rd7 29.Be5 Nc4
30.b3 Nxe5 31.dxe5 d4 32.Bd3 Bd5 33.Rfe1 Rde7 34.f4 f6 35.Rc5 Bf7 36.Kf2 fxe5
37.Rexe5 Rxe5 38.fxe5 Kg7 39.Be4 Rd8 40.Ke2 Be6 41.Kd3 Rd7 42.Rc6 Kf7 43.Bxg6+ Kxg6
44.Rxe6+ Kf5 45.Rxh6 Kxe5 46.Rxa6 Rg7 47.g3 Rh7 48.Ra5 Rxh2 49.Rxb5+ Kd6
50.a4 Rg2 51.Kxd4 Rxg3 52.Kc4 Rg4+ 53.Kc3 Kc6 54.Rb4 Rg3+ 55.Kb2 Kc5 56.Ka3 Rg1
57.Rb5+ Kc6 58.Rb8 Ra1+ 59.Kb4 Rf1 60.Rh8 Kb6 61.Rh6+ Ka7 62.a5 Rf4+ 63.Kb5 Rf5+
64.Ka4 Rf1 65.b4 Rf5 66.Rh7+ Ka6 67.b5+  1-0

[Event "World Blitz Women 2023"]
[Site "Samarkand UZB"]
[Date "2023.12.29"]
[Round "4.30"]
[White "Munkhzul,Turmunkh"]
[Black "Krush,I"]
[Result "1-0"]
[WhiteElo "2258"]
[BlackElo "2430"]

1.e4 c5 2.Nf3 d6 3.d4 cxd4 4.Nxd4 Nf6 5.Nc3 Nc6 6.Bg5 e6 7.Qd2 a6 8.O-O-O Bd7
9.f4 Be7 10.Nf3 b5 11.e5 b4 12.exf6 bxc3 13.Qxc3 gxf6 14.Bh4 d5 15.Kb1 Rg8
16.Bd3 h5 17.h3 Nb4 18.g4 Rc8 19.Qd2 Nxd3 20.Qxd3 hxg4 21.Qh7 Rg6 22.Ne5 fxe5
23.Qh8+ Bf8 24.Bxd8 Rxd8 25.f5 Rh6 26.Qxe5 gxh3 27.f6 Bb5 28.Qc3 Be2 29.Rd2 Bg4
30.Qc6+ Rd7 31.Rf2 Bd6 32.a3 h2 33.Rg2 Rh4 34.Ka2 Kd8 35.Qa8+ Kc7 36.Qa7+ Kc8
37.Qxa6+ Kb8 38.Qb5+ Kc8 39.Qc6+ Kd8 40.Qb6+ Kc8 41.Qa6+ Kb8 42.Qa4 Bf3 43.Rg8+ Kc7
44.Qa7+ Kc6 45.Rc8+ Bc7 46.Qa6+ Kc5 47.b4+ Kd4  1-0

[Event "World Blitz Women 2023"]
[Site "Samarkand UZB"]
[Date "2023.12.29"]
[Round "5.38"]
[White "Krush,I"]
[Black "Druzhinina,O"]
[Result "1-0"]
[WhiteElo "2430"]
[BlackElo "2245"]

1.d4 Nf6 2.c4 g6 3.Nc3 d5 4.cxd5 Nxd5 5.e4 Nxc3 6.bxc3 Bg7 7.Qa4+ c6 8.Nf3 O-O
9.Qa3 a5 10.Be2 Na6 11.O-O h6 12.h3 Be6 13.Be3 Qd6 14.Qxa5 b5 15.e5 Qd7 16.Qa3 Nc7
17.Qb2 Nd5 18.Nd2 h5 19.Ne4 Bf5 20.Nc5 Qc8 21.c4 bxc4 22.Bxc4 e6 23.a4 Rd8
24.Bg5 f6 25.exf6 Bxf6 26.Bxf6 Nxf6 27.Rfe1 Nd5 28.a5 Kh7 29.a6 Ra7 30.Qe2 Re8
31.Qe5 Ree7 32.Ra2 Qf8 33.Rb2 g5 34.Rb7 g4 35.hxg4 hxg4 36.Rxa7 Rxa7 37.Nxe6 Bxe6
38.Qh5+ Qh6 39.Qxh6+ Kxh6 40.Rxe6+ Kg5 41.Rxc6 Nb4 42.Rb6 Nc2 43.d5 Nd4 44.d6 Kf5
45.Rb7 Ra8 46.d7 Nc6 47.Bb5 Nd8 48.Rc7 Ke6 49.Rc8  1-0

[Event "World Blitz Women 2023"]
[Site "Samarkand UZB"]
[Date "2023.12.29"]
[Round "6.26"]
[White "Shohradova,Leyla"]
[Black "Krush,I"]
[Result "0-1"]
[WhiteElo "1948"]
[BlackElo "2430"]

1.d4 d5 2.c4 dxc4 3.Nf3 a6 4.a4 Nc6 5.e3 e5 6.d5 Na5 7.Nxe5 Nb3 8.Ra2 Nxc1
9.Qxc1 Qxd5 10.Nxc4 Bb4+ 11.Nc3 Nf6 12.Qd2 Qc6 13.Ne5 Qe6 14.Nc4 O-O 15.Bd3 Rd8
16.O-O Qxc4 17.Bxh7+ Kxh7 18.Qxd8 Bxc3 19.b3 Qxb3 20.Qd3+ g6 21.Rc2 Bf5 22.e4 Bxe4
23.Qh3+ Kg7 24.Rxc3 Qxa4 25.Rxc7 Rd8 26.Qe6 Qe8 27.Qb3 Bd5 28.Qg3 Rd7 29.Rcc1 Qe4
30.Rfe1 Qg4 31.Qxg4 Nxg4  0-1

[Event "World Blitz Women 2023"]
[Site "Samarkand UZB"]
[Date "2023.12.29"]
[Round "7.19"]
[White "Krush,I"]
[Black "Nomin-Erdene,Davaademberel"]
[Result "1-0"]
[WhiteElo "2430"]
[BlackElo "2358"]

1.d4 f5 2.g3 Nf6 3.Bg2 g6 4.Nf3 Bg7 5.b4 c6 6.c4 a5 7.b5 a4 8.O-O O-O 9.Nc3 Qa5
10.Bd2 d6 11.Rb1 Be6 12.bxc6 bxc6 13.d5 Bd7 14.Nd4 Qa6 15.Rc1 Ra7 16.e3 Kh8
17.Qe2 a3 18.Rb1 Rc8 19.Rb3 cxd5 20.cxd5 Qxe2 21.Ncxe2 Ne4 22.Bc1 Na6 23.Rxa3 Rcc7
24.f3 Nec5 25.Bd2 Nb8 26.Rxa7 Rxa7 27.Nc3 Nba6 28.Rb1 h6 29.Bf1 Kh7 30.a4 Rc7
31.Ncb5 Rc8 32.a5 Bf6 33.Na7 Rc7 34.Nac6 e5 35.Nb5 Rc8 36.Nxd6 Ra8 37.Nb7 Bxc6
38.dxc6 Rc8 39.Nxc5 Nxc5 40.Rb7+ Nxb7 41.cxb7 Rb8 42.a6 Be7 43.a7 Rxb7 44.a8=Q  1-0

[Event "World Blitz Women 2023"]
[Site "Samarkand UZB"]
[Date "2023.12.29"]
[Round "8.14"]
[White "Rakshitta,Ravi"]
[Black "Krush,I"]
[Result "1-0"]
[WhiteElo "2245"]
[BlackElo "2430"]

1.e4 c5 2.Nc3 Nc6 3.Bb5 Nd4 4.Bc4 e6 5.Nf3 Nf6 6.O-O a6 7.d3 b5 8.Bb3 Nxb3
9.axb3 Bb7 10.e5 Nd5 11.Ne4 Be7 12.Re1 O-O 13.Bg5 f6 14.exf6 gxf6 15.Bh6 Rf7
16.c4 Nb4 17.d4 cxd4 18.Nxd4 f5 19.Nc3 bxc4 20.bxc4 Rf6 21.Bf4 Rg6 22.f3 Bc5
23.Be3 Qc7 24.Kh1 Kf7 25.Nxf5 Bf8 26.Nd4 Qxc4 27.Bf2 Kg8 28.Ne4 Nd3 29.b3 Nxf2+
30.Nxf2 Qd5 31.Ne4 Bg7 32.Ra4 Rc8 33.Rb4 Ba8 34.h3 a5 35.Ra4 Rb8 36.Ne2 Qxd1
37.Rxd1 Bd5  1-0

[Event "World Blitz Women 2023"]
[Site "Samarkand UZB"]
[Date "2023.12.29"]
[Round "9.24"]
[White "Krush,I"]
[Black "Nurmanova,Alua"]
[Result "0-1"]
[WhiteElo "2430"]
[BlackElo "2326"]

1.d4 Nf6 2.c4 g6 3.Nc3 Bg7 4.e4 d6 5.Be2 Nbd7 6.Nf3 e5 7.O-O O-O 8.Be3 Ng4
9.Bg5 f6 10.Bh4 g5 11.Bg3 Nh6 12.d5 f5 13.exf5 Nxf5 14.Nd2 Nf6 15.Nde4 Nd4
16.Nxg5 Bf5 17.Bd3 Qd7 18.f3 Bh6 19.Nge4 Nh5 20.Bf2 Nf4 21.Ne2 Ndxe2+ 22.Bxe2 Bh3
23.g3 Bxf1 24.Qxf1 Nh3+ 25.Kg2 Nxf2 26.Qxf2 Kh8 27.Bd3 Rf7 28.Nc3 a6 29.Qe2 Raf8
30.Be4 Bg7 31.a4 a5 32.Nd1 Qe7 33.Ne3 Qg5 34.h4 Qh5 35.Ng4 Re7 36.Rc1 b6
37.Rc3 Rg8 38.Kh3 Qf7 39.Ne3 Ree8 40.Nf5 Bf8 41.g4 Qd7 42.h5 Qxa4 43.Rc1 Qb3
44.Rc3 Qa4 45.Ra3 Qb4 46.Rc3 Qc5 47.Kh2 Be7 48.Rc2 Bg5 49.Bd3 Bf4+ 50.Kg2 Ref8
51.Qe4 Rf7 52.Re2 a4 53.Re1 a3 54.bxa3 Qxa3 55.Re2 Qc1 56.Re1 Qb2+ 57.Re2 Qc3
58.Re1 Rgf8 59.Kh3 Qd2 60.Re2 Qd1 61.Re1 Qd2 62.Re2 Qc1 63.Re1 Qc3 64.Re2 Ra8
65.Re1 Ra2 66.Re2 Qe1 67.Nh4 Qg3+  0-1

[Event "St Louis Summer B"]
[Site "Saint Louis USA"]
[Date "2024.05.28"]
[Round "1.1"]
[White "Krush,I"]
[Black "Stearman,Josiah"]
[Result "1/2-1/2"]
[WhiteElo "2415"]
[BlackElo "2467"]

1.d4 d5 2.c4 e6 3.Nc3 Nf6 4.cxd5 exd5 5.Bg5 c6 6.e3 h6 7.Bh4 Be7 8.Bd3 O-O
9.f3 c5 10.Nge2 Nc6 11.O-O cxd4 12.exd4 Be6 13.Qd2 Ne4 14.fxe4 Bxh4 15.exd5 Bxd5
16.Nf4 Ne7 17.Rad1 Bc6 18.d5 Bd7 19.d6 Nf5 20.Bxf5 Bxf5 21.Qd5 Bg4 22.Ng6 Bxd1
23.Nxf8 Qb6+ 24.Kh1 Rxf8 25.Rxd1 Qxb2 26.Ne4 Qb4 27.d7 Be7 28.h3 Qa3 29.Nc5 Bxc5
30.d8=Q Rxd8 31.Qxd8+ Bf8 32.Qd5 b6 33.Re1 g6 34.Rf1 Qe7 35.a4 Qc7 36.Qb3 Bd6
37.Qd5 Bg3 38.Rd1 Kg7 39.Qd4+ Be5 40.Qd5 h5 41.Re1 f6 42.Rd1 Qc2 43.Qd7+ Kh6
44.Qd2+ Qxd2 45.Rxd2 a5 46.Rd7 Kg5 47.Kg1 Kf4 48.Kf2 h4 49.Ke2 Kg3 50.Kf1 g5
51.Rb7 Bd4 52.Rd7 Be5 53.Rb7 Bd4 54.Rd7 Be5  1/2-1/2

[Event "St Louis Summer B"]
[Site "Saint Louis USA"]
[Date "2024.05.29"]
[Round "2.5"]
[White "Krush,I"]
[Black "Khachiyan,M"]
[Result "1-0"]
[WhiteElo "2415"]
[BlackElo "2430"]

1.d4 Nf6 2.c4 c5 3.d5 b5 4.cxb5 a6 5.bxa6 g6 6.Nc3 Bxa6 7.e4 Bxf1 8.Kxf1 d6
9.Nf3 Bg7 10.g3 O-O 11.Kg2 Nbd7 12.h3 Qa5 13.Re1 Rfb8 14.Qc2 Ne8 15.Bd2 Nc7
16.b3 Nb5 17.Nxb5 Qxb5 18.Rab1 Qa6 19.a4 Rb7 20.Qc4 Ne5 21.Nxe5 Bxe5 22.Qxa6 Rxa6
23.a5 Kf8 24.b4 cxb4 25.Rxb4 Rxb4 26.Bxb4 Ke8 27.Rb1 Kd7 28.Bd2 Kc8 29.Rb3 Bd4
30.Rf3 f6 31.Rd3 Bc5 32.Rb3 Ra7 33.Kf3 Rc7 34.Ke2 Ba7 35.f3 Rc2 36.Rc3+ Rxc3
37.Bxc3 Kb7 38.h4 h5 39.g4 Kc8 40.g5 fxg5 41.hxg5 h4 42.f4 h3 43.Kf3 Be3
44.f5 gxf5 45.g6 fxe4+ 46.Kxe4  1-0

[Event "St Louis Summer B"]
[Site "Saint Louis USA"]
[Date "2024.05.30"]
[Round "3.2"]
[White "Raja,H"]
[Black "Krush,I"]
[Result "1-0"]
[WhiteElo "2477"]
[BlackElo "2415"]

1.e4 c5 2.Nf3 e6 3.c3 d5 4.e5 d4 5.d3 Ne7 6.g3 Ng6 7.Bg2 Nc6 8.Qe2 Qc7 9.Na3 Ncxe5
10.Nxe5 Qxe5 11.Be4 Qc7 12.h4 Bd7 13.Nc4 h5 14.Bg5 Bd6 15.cxd4 cxd4 16.Rc1 Bb4+
17.Kf1 O-O 18.Bxg6 fxg6 19.Ne5 Qd6 20.a3 Qd5 21.Rg1 Bd6 22.Nxd7 Rf7 23.Re1 Rxd7
24.Qxe6+ Qxe6 25.Rxe6 Rc8 26.Re2 Rdc7 27.Kg2 Rc2 28.Rge1 Kf7 29.Kf3 b5 30.Bf4 Bxf4
31.Kxf4 R8c7 32.Kf3 a6 33.Rxc2 Rxc2 34.Re2 Rc6 35.Rd2 Ke6 36.Ke4 Kd6 37.Kxd4 Rc5
38.Re2 Rd5+ 39.Kc3 g5 40.hxg5 Rxg5 41.Kb4 Rd5 42.Re3 Rd4+ 43.Ka5 g5 44.Kxa6 b4
45.a4 b3 46.Kb5 h4 47.gxh4 gxh4 48.a5 Rf4 49.a6 Kc7 50.Re8 Rf5+ 51.Kc4 Kb6
52.Re6+ Ka7 53.Rh6 Rxf2 54.Kxb3 Rh2 55.Kc3 h3 56.b4 Rh1 57.Kc4 h2 58.Kb5 Rd1
59.Rxh2 Rxd3 60.Rh7+ Ka8 61.Ka5 Rd5+ 62.b5 Rg5 63.Rc7 Kb8 64.Rd7 Rh5 65.Rd6 Ka7
66.Rc6 Rg5 67.Rd6 Rh5 68.Rd7+ Kb8 69.Kb6 Rh6+ 70.Kc5 Rg6 71.b6 Rg8 72.Kc6 Rg6+
73.Rd6 Rg8 74.Re6 Rd8 75.Re7 Ka8 76.Kc7 Rb8 77.Re1 Rh8 78.Kd7 Rh7+ 79.Re7  1-0

[Event "St Louis Summer B"]
[Site "Saint Louis USA"]
[Date "2024.05.31"]
[Round "4.4"]
[White "Krush,I"]
[Black "Tokhirjonova,Gulrukhbegim"]
[Result "0-1"]
[WhiteElo "2415"]
[BlackElo "2366"]

1.d4 d5 2.c4 e6 3.Nc3 c6 4.e4 dxe4 5.Nxe4 Bb4+ 6.Bd2 Qxd4 7.Bxb4 Qxe4+ 8.Be2 Na6
9.Ba5 b6 10.Qd6 e5 11.Bc3 Ne7 12.Nf3 Bf5 13.Qxe5 Qxe5 14.Nxe5 O-O 15.O-O-O Rad8
16.b4 f6 17.Nf3 c5 18.b5 Nc7 19.Rhe1 Nc8 20.Bd2 g5 21.Bc3 Kf7 22.h4 h6 23.Nd2 Bg6
24.h5 Bh7 25.g3 Nd6 26.a4 Rfe8 27.Kb2 Bf5 28.Bf3 Rxe1 29.Rxe1 Be6 30.Kb3 Nf5
31.Be4 Nd4+ 32.Kb2 f5 33.Bg2 g4 34.a5 Ne8 35.axb6 axb6 36.Ra1 Nd6 37.Ra7+ Kf8
38.Bf1 Bc8 39.Bd3 Nf7 40.Rc7 Ne5 41.Bf1 Be6 42.Ra7 Rd6 43.Ra4 Ke7 44.Nb3 Nef3
45.Nxd4 Nxd4 46.Ra7+ Bd7 47.Rb7 Nf3 48.Kc2 Ke6 49.Bd3 Nd4+ 50.Bxd4 cxd4 51.Rc7 Kf6
52.Kb3 Be6 53.Kb4 f4 54.c5 bxc5+ 55.Kxc5 Rd5+ 56.Kc6 fxg3 57.fxg3 Rxh5 58.b6 Bd5+
59.Kd6 Bf3 60.Rc5 Rxc5 61.Kxc5 Ke5 62.Bb5 Bb7 63.Bc6 d3 64.Bxb7 d2 65.Bf3 gxf3
66.b7 d1=Q 67.b8=Q+ Ke4 68.Qf4+ Kd3 69.Qxh6 Qc2+ 70.Kb6 f2 71.Qg6+ Kd2 72.Qg5+ Ke2
73.Qe5+ Kf1 74.g4 Qb3+ 75.Ka7 Kg2 76.Qe4+ Qf3 77.Qc2 Qe3+  0-1

[Event "St Louis Summer B"]
[Site "Saint Louis USA"]
[Date "2024.06.01"]
[Round "5.3"]
[White "Woodward,Andy"]
[Black "Krush,I"]
[Result "1-0"]
[WhiteElo "2503"]
[BlackElo "2415"]

1.d4 Nf6 2.c4 e6 3.g3 c5 4.d5 exd5 5.cxd5 d6 6.Nc3 g6 7.Bg2 Bg7 8.Nf3 O-O
9.O-O Re8 10.Bf4 Bf5 11.Rc1 Ne4 12.Nd2 Nxc3 13.bxc3 g5 14.e4 gxf4 15.exf5 Nd7
16.a4 a6 17.Rb1 Rb8 18.Rb3 b5 19.axb5 axb5 20.Qb1 Re2 21.Ne4 Nf6 22.Rxb5 Rxb5
23.Nxf6+ Bxf6 24.Qxb5 Qe7 25.Bf3 Rd2 26.Qa4 Bxc3 27.Qxf4 Rd4 28.f6 Qf8 29.Qf5  1-0

[Event "St Louis Summer B"]
[Site "Saint Louis USA"]
[Date "2024.06.02"]
[Round "6.3"]
[White "Krush,I"]
[Black "Lee,Alice"]
[Result "1-0"]
[WhiteElo "2415"]
[BlackElo "2368"]

1.Nf3 d5 2.g3 g6 3.c4 d4 4.Bg2 Bg7 5.O-O e5 6.d3 Ne7 7.b4 a5 8.b5 c5 9.bxc6 Nbxc6
10.Na3 O-O 11.Nb5 Na7 12.Rb1 Nxb5 13.Rxb5 Qc7 14.Ba3 Re8 15.Ng5 Rd8 16.Qb3 a4
17.Qb2 Rb8 18.Rb1 h6 19.Ne4 Nc6 20.Bc5 Qd7 21.Nd6 Bf8 22.Nxb7 a3 23.Qb3 Bxb7
24.Bxf8 Na5 25.Qxa3 Rxf8 26.Qxa5 Ra8 27.Qb6 Bxg2 28.Kxg2 e4 29.R1b2 exd3
30.exd3 Rfe8 31.Rd5 Qg4 32.Qf6 Ra7 33.Qxd4 Qd1 34.Qxa7 Re1 35.Rd8+  1-0

[Event "St Louis Summer B"]
[Site "Saint Louis USA"]
[Date "2024.06.03"]
[Round "7.4"]
[White "Zierk,S"]
[Black "Krush,I"]
[Result "1-0"]
[WhiteElo "2487"]
[BlackElo "2415"]

1.e4 c5 2.Nf3 Nc6 3.d4 cxd4 4.Nxd4 Nf6 5.Nc3 e5 6.Ndb5 d6 7.Nd5 Nxd5 8.exd5 Nb8
9.Qf3 a6 10.Qa3 Be7 11.Bg5 f6 12.Bd2 O-O 13.Bb4 axb5 14.Qxa8 Na6 15.Bd2 Qb6
16.Be3 Qa5+ 17.c3 f5 18.Qa7 f4 19.Bd2 Qa4 20.Bd3 Nc5 21.Qxa4 Nxd3+ 22.Ke2 bxa4
23.Kxd3 Bf5+ 24.Ke2 Be4 25.f3 Bxd5 26.Kd3 b5 27.Be1 g5 28.h3 h5 29.Bf2 Kf7
30.Rhb1 Rg8 31.b3 a3 32.c4 Bc6 33.Rh1 Ke6 34.Rac1 Kf5 35.cxb5 Bxb5+ 36.Kd2 d5
37.Bc5 Bf6 38.Bb4 g4 39.hxg4+ hxg4 40.Rh5+ Ke6 41.Rc5 gxf3 42.gxf3 Rg2+ 43.Ke1 Be8
44.Rh6 Rxa2 45.Rc8 Ra1+ 46.Kd2 Ra2+ 47.Kc1 Ra1+ 48.Kc2 Ra2+ 49.Kb1 Rb2+ 50.Kc1 Kd7
51.Ra8 Rxb3 52.Ra7+ Kd8 53.Rhh7 Bc6 54.Bxa3 Rc3+ 55.Kd2 e4 56.Be7+ Bxe7 57.Kxc3 Bf6+
58.Kb4 Bd4 59.Ra6 Bd7 60.Rd6 exf3 61.Rdxd7+  1-0

[Event "St Louis Summer B"]
[Site "Saint Louis USA"]
[Date "2024.06.04"]
[Round "8.2"]
[White "Krush,I"]
[Black "Chandra,Akshat"]
[Result "1/2-1/2"]
[WhiteElo "2415"]
[BlackElo "2481"]

1.Nf3 d5 2.g3 Nc6 3.d4 Bf5 4.Bg2 Nb4 5.Na3 e6 6.c3 Nc6 7.Nc2 h6 8.O-O Nf6
9.c4 Bd6 10.c5 Be7 11.b4 a6 12.Bb2 Nd7 13.Bc3 Bf6 14.a4 O-O 15.Qd2 Be4 16.Ne3 e5
17.dxe5 Ndxe5 18.Nxe5 Bxe5 19.Bxe5 Nxe5 20.Rfd1 Bxg2 21.Kxg2 c6 22.Nf5 Nc4
23.Qd4 Qg5 24.e4 Rfe8 25.exd5 Qxf5 26.Qxc4 Re4 27.Qb3 cxd5 28.Rd2 Rae8 29.Rad1 Re2
30.Qf3 Qxf3+ 31.Kxf3 Rxd2 32.Rxd2 Re4 33.b5 Rxa4 34.b6 Rc4 35.Rxd5 Kf8 36.Rd8+ Ke7
37.Rc8 Kd7 38.Rc7+ Ke6 39.Ke3 g5 40.Kd3 Rc1 41.Kd4 Rd1+ 42.Ke4 f5+ 43.Ke3 Rc1
44.h4 gxh4 45.gxh4 Rc4 46.h5 Kd5 47.Rxb7 Re4+ 48.Kf3 Kxc5 49.Rf7 Kxb6 50.Rf6+ Kb7
51.Rxf5 Rc4 52.Rf6 Rc6 53.Rg6 a5 54.Ke4 a4 55.f4 a3 56.f5 a2 57.Rg1 Ra6 58.Ra1 Kc7
59.f6 Rxf6 60.Rxa2 Kd6 61.Ra6+ Ke7 62.Rxf6 Kxf6 63.Kf4 Ke6 64.Ke4 Kf6 65.Kf4 Ke6
66.Ke4 Kf6  1/2-1/2

[Event "St Louis Summer B"]
[Site "Saint Louis USA"]
[Date "2024.06.05"]
[Round "9.5"]
[White "Hardaway,Brewington"]
[Black "Krush,I"]
[Result "1-0"]
[WhiteElo "2450"]
[BlackElo "2415"]

1.e4 c5 2.Nf3 Nc6 3.d4 cxd4 4.Nxd4 Nf6 5.Nc3 e5 6.Ndb5 d6 7.Nd5 Nxd5 8.exd5 Nb8
9.a4 Be7 10.Bd2 O-O 11.Be2 a6 12.Na3 a5 13.Bb5 f5 14.O-O f4 15.f3 Bh4 16.Be1 Bxe1
17.Qxe1 Nd7 18.Nc4 Nf6 19.Rd1 Bf5 20.Qf2 Rb8 21.c3 b6 22.Bc6 Nh5 23.Rfe1 Qc7
24.Qh4 Nf6 25.Na3 Kh8 26.Nb5 Qd8 27.Rd2 h6 28.b4 Kh7 29.bxa5 bxa5 30.c4 Rf7
31.c5 dxc5 32.Rxe5 Nd7 33.Qxd8 Rxd8 34.Bxd7 Rdxd7 35.d6 c4 36.Rd4 Bd3 37.h4 Rf6
38.Kf2 Kg6 39.Re7 Rf7 40.h5+  1-0

[Event "4th Cairns Cup 2024"]
[Site "Saint Louis USA"]
[Date "2024.06.13"]
[Round "1.4"]
[White "Krush,I"]
[Black "Muzychuk,A"]
[Result "1/2-1/2"]
[WhiteElo "2415"]
[BlackElo "2505"]

1.d4 d5 2.c4 e6 3.Nc3 Nf6 4.cxd5 exd5 5.Bg5 Be7 6.e3 h6 7.Bf4 O-O 8.Bd3 Re8
9.h3 c5 10.Nge2 Nc6 11.O-O a6 12.dxc5 Bxc5 13.Rc1 Ba7 14.Qd2 d4 15.exd4 Nxd4
16.Rfd1 Qa5 17.Nxd4 Bxd4 18.Bc4 Be5 19.Bxe5 Rxe5 20.Nd5 Qxd2 21.Nxf6+ gxf6
22.Rxd2 Bf5 23.g4 Be4 24.Rd7 Rf8 25.Re1 Kg7 26.Rc7 b5 27.f4 Ree8 28.Bb3 f5
29.gxf5 Kf6 30.Kf2 Kxf5 31.Bxf7 Rd8 32.Bg6+ Kxg6 33.Rxe4 Rd2+ 34.Kg3 Rxb2
35.Re6+ Rf6 36.Rxf6+ Kxf6 37.Rc6+ Kf5 38.Rxa6 Rc2 39.Rxh6 Rc3+ 40.Kh4 Ra3
41.Rh5+ Kxf4 42.Rxb5 Rxa2 43.Kh5 Ra8 44.h4 Rh8+ 45.Kg6 Rxh4 46.Rb4+ Kg3 47.Rxh4 Kxh4  1/2-1/2

[Event "4th Cairns Cup 2024"]
[Site "Saint Louis USA"]
[Date "2024.06.14"]
[Round "2.1"]
[White "Tan,Zhongyi"]
[Black "Krush,I"]
[Result "1/2-1/2"]
[WhiteElo "2540"]
[BlackElo "2415"]

1.e4 c5 2.Nc3 e6 3.Nf3 a6 4.d4 cxd4 5.Nxd4 b5 6.Bd3 Bb7 7.O-O Nc6 8.Nxc6 Bxc6
9.Re1 Ne7 10.Qh5 Ng6 11.a4 bxa4 12.Nxa4 Bd6 13.Nc3 Be5 14.Ne2 O-O 15.f4 Qb6+
16.Kh1 Qf2 17.Bd2 Bxb2 18.Rab1 Rab8 19.Rf1 Qh4 20.Qc5 Qe7 21.Qf2 f5 22.Ng3 Nh4
23.Rfe1 Qa3 24.Nxf5 exf5 25.Qxh4 fxe4 26.Bxe4 Bxe4 27.Rxe4 Qc5 28.Qe1 Qxc2
29.h3 h6 30.Rd1 d5 31.Re6 Rf6 32.Re7 Bd4 33.Rc1 Qd3 34.Bc3 Rc8 35.Bxd4 Rxc1
36.Re8+ Rf8 37.Rxf8+ Kxf8 38.Bxg7+ Kxg7 39.Qxc1 d4 40.Qc7+ Kg8 41.Qd8+ Kg7
42.Qd7+ Kg8 43.Qd8+ Kg7 44.Qd7+ Kg8 45.Qd8+ Kg7  1/2-1/2

[Event "4th Cairns Cup 2024"]
[Site "Saint Louis USA"]
[Date "2024.06.15"]
[Round "3.5"]
[White "Krush,I"]
[Black "Paehtz,E"]
[Result "1/2-1/2"]
[WhiteElo "2415"]
[BlackElo "2457"]

1.d4 Nf6 2.c4 e6 3.Nc3 Bb4 4.e3 b6 5.Bd3 Bb7 6.Nf3 Ne4 7.Qc2 f5 8.O-O Bxc3
9.bxc3 O-O 10.Nd2 Qh4 11.f3 Nxd2 12.Bxd2 d6 13.d5 Na6 14.dxe6 Qf6 15.e7 Rf7
16.e4 Nc5 17.exf5 Nxd3 18.Qxd3 Qxf5 19.Qd4 Rxe7 20.Rae1 Rf7 21.Rf2 Raf8 22.Rfe2 Qc5
23.Qxc5 bxc5 24.Rb1 Bc6 25.Rb3 a5 26.h4 Rf5 27.Kf2 h6 28.Kg3 Kf7 29.Bf4 Rf6
30.Rbb2 Rg6+ 31.Kf2 Rf6 32.Kg3 a4 33.Bc1 Ra8 34.Kf2 Rf5 35.Kg3 Rf6 36.Kf2 Rg8
37.Kg3 Rc8 38.Re1 Kf8 39.Kf2 Rf7 40.Kg3 Ra8 41.Kf2 Rd7 42.Bf4 Kf7 43.Bc1 Rdd8
44.Ree2 Bd7 45.Rb7 Rdc8 46.Bf4 Bc6 47.Rb1 a3 48.Rbe1 Re8 49.Rxe8 Bxe8 50.Rb1 Ke7
51.Bc1 Ra4 52.Rb3 Rxc4 53.g3 Ba4 54.Rxa3 h5 55.Ke2 Kd7 56.Bf4 Kc6 57.Bg5 d5
58.Kd2 d4 59.Be7 dxc3+ 60.Rxc3 Rxc3 61.Kxc3 Bd1 62.g4 Bxf3 63.gxh5 Bxh5 64.a3 Kb5
65.Bf8 g6 66.Be7 Bg4 67.Bf8 Bh5 68.Be7 Bg4 69.Bf8 Bh5  1/2-1/2

[Event "4th Cairns Cup 2024"]
[Site "Saint Louis USA"]
[Date "2024.06.16"]
[Round "4.4"]
[White "Dronavalli,Harika"]
[Black "Krush,I"]
[Result "1/2-1/2"]
[WhiteElo "2489"]
[BlackElo "2415"]

1.e4 c5 2.Nf3 Nc6 3.d4 cxd4 4.Nxd4 Nf6 5.Nc3 e5 6.Ndb5 d6 7.Bg5 a6 8.Na3 b5
9.Nd5 Be7 10.Bxf6 Bxf6 11.c3 Rb8 12.Nc2 Bg5 13.h4 Bh6 14.a4 O-O 15.axb5 axb5
16.g3 g6 17.Bg2 Bb7 18.Qd3 Ne7 19.Nxe7+ Qxe7 20.O-O Rfc8 21.Nb4 Rc5 22.Ra5 Qd8
23.Rfa1 Bf8 24.Qd1 Ra8 25.Rxa8 Bxa8 26.Ra7 Rc7 27.Qa1 Rxa7 28.Qxa7 d5 29.Nxd5 Bxd5
30.exd5 b4 31.Qb7 Qa5 32.cxb4 Qxb4 33.Qxb4 Bxb4 34.g4 Kf8 35.Be4 Ke7 36.Kf1 Kd6
37.Ke2 h6 38.Kd3 Kc5 39.h5 gxh5 40.gxh5 f5 41.Bxf5 Kxd5 42.Be4+ Kc5 43.Bh7 Be1
44.Ke3 Kd6 45.Bg8 Kc5 46.f3 Bg3 47.Kd3 Kb4 48.Ke4 Bf4 49.b3 Kc5 50.Kd3 Kb4
51.Bf7 Bg5 52.Ke4 Bf4 53.Kd3 Bg5 54.Ke4 Bf4 55.Kd3 Bg5 56.Ke4 Bf4  1/2-1/2

[Event "4th Cairns Cup 2024"]
[Site "Saint Louis USA"]
[Date "2024.06.17"]
[Round "5.2"]
[White "Krush,I"]
[Black "Kosteniuk,A"]
[Result "1/2-1/2"]
[WhiteElo "2415"]
[BlackElo "2501"]

1.d4 Nf6 2.c4 e6 3.Nc3 Bb4 4.e3 O-O 5.Bd3 d5 6.a3 Bxc3+ 7.bxc3 dxc4 8.Bxc4 c5
9.Ne2 Qc7 10.Ba2 b6 11.Bb2 Ba6 12.c4 cxd4 13.Nxd4 Nc6 14.Nb5 Qe7 15.O-O Rac8
16.Qe2 Bb7 17.a4 Ne4 18.Qg4 f5 19.Qe2 Nc5 20.Bb1 Rfd8 21.Bc2 Nb4 22.f3 Nxc2
23.Qxc2 a6 24.Nd4 Nd7 25.Qb3 Qf7 26.Rfd1 e5 27.Ne2 Rxc4 28.Qxb6 Rb8 29.Qd6 Bc6
30.Bxe5 Rc8 31.Bf4 Bxa4 32.Rd2 Bb5 33.Nd4 Rc1+ 34.Rxc1 Rxc1+ 35.Kf2 Nf8 36.Nxb5 axb5
37.Qb8 Qc4 38.Rd8 Rc2+ 39.Kg3 Qf7 40.h4 h6 41.Kh3 Rc1 42.Bd6 Rh1+ 43.Kg3 f4+
44.exf4 Qg6+ 45.Kf2 Qc2+ 46.Kg3 Qg6+ 47.Kf2 Qc2+ 48.Kg3 Qg6+  1/2-1/2

[Event "4th Cairns Cup 2024"]
[Site "Saint Louis USA"]
[Date "2024.06.20"]
[Round "7.2"]
[White "Krush,I"]
[Black "Dzagnidze,N"]
[Result "0-1"]
[WhiteElo "2415"]
[BlackElo "2506"]

1.d4 Nf6 2.c4 e6 3.Nc3 Bb4 4.e3 O-O 5.Bd3 d5 6.cxd5 exd5 7.Ne2 b6 8.O-O Re8
9.Bd2 Bf8 10.Nf4 Bb7 11.Qf3 c5 12.Rfd1 Nc6 13.Nfxd5 Nxd5 14.Nxd5 cxd4 15.Qh3 g6
16.e4 Bg7 17.Rac1 Rc8 18.Qg3 Qd7 19.Bg5 Re6 20.f4 Qd6 21.Qh3 Rce8 22.f5 Rxe4
23.Bxe4 Rxe4 24.Nc3 Re8 25.Qf3 gxf5 26.Nb5 Qg6 27.Bf4 Re4 28.Bg3 Ne5 29.Bxe5 Bxe5
30.Nxd4 Re1+ 31.Rxe1 Bxd4+ 32.Kh1 Bxf3 33.gxf3 Qh5  0-1